000 00776nam a2200289Ia 4500
005 20260324132116.0
008 008 260324s9999 xx 000 0 eng d
020 _a9781315240725
037 _aEBOOK
040 _aCRL
040 _beng
040 _cCRL
041 _2eng
041 _aeng
084 _qCRL
100 _aJerome Bertram
_91188064
245 4 _aThe Chrodegang Rules
245 4 _bThe Rules for the Common Life of the Secular Clergy from the Eighth and Ninth Centuries. Critical Texts with Translations and Commentary
260 _bTaylor and Francis
260 _c2005
365 _a
365 _b255
856 _uhttp://www.taylorfrancis.com/books/9781315240725
942 _cEBOOK
999 _c1785832
_d1785832